000 00299nam a2200121 a 4500
005 20140414131900.0
008 100916s19uu xx 00 eng d
050 _aFIC
_bAl1 1987
100 _aAlcott, Louisa May
245 _aLittle women.
260 _aEngland :
_bLongman,
_c1987.
999 _c110638
_d110638